-
The All India Reporter Ltd
Entry Personal Name
Number of records used in: 4
001 - CONTROL NUMBER
003 - CONTROL NUMBER IDENTIFIER
005 - DATE AND TIME OF LATEST TRANSACTION
- control field:
20200523100512.0
008 - FIXED-LENGTH DATA ELEMENTS
- fixed length control field:
200523|| aca||aabn | a|a d
040 ## - CATALOGING SOURCE
- Original cataloging agency:
OSt
- Transcribing agency:
OSt
100 ## - HEADING--PERSONAL NAME
- Personal name:
The All India Reporter Ltd
670 ## - SOURCE DATA FOUND
- Source citation:
Work cat.: (OSt): The All India Reporter Ltd, The All India Reporter 1962 (VOL-49) PUNJAB Section, 1962